000 00519nam a2200169 i 4500
001 190139
003 ES-MaACL
005 20230906223642.0
008 200731s1840 xxk |||| | eng d
080 _a61(410)
110 2 _aUniversity of London.
_9170234
245 1 0 _aExamination for the degree of doctor of Medicine in the year 1840 /
_cUniversity of London.
260 _aLondon :
_bR. and J.E. Taylor,
_c1840.
300 _a11 p.
650 4 _aMedicina-
_zGran BretaƱa.
_9175679
852 4 _aES-MaACL
_jT-21-F-12
999 _c190139
_d190139